Daň z pridanej hodnoty na Slovensku
Daň z pridanej hodnoty je univerzálnou spotrebnou daňou z tovarov a služieb, ktorá je zavedená vo všetkých krajinách Európskej únie. Šiesta smernica Rady č. 77/388 EHS a smernica Rady č. 2006/112/EHS. Na území Slovenska daň z pridanej hodnoty upravuje zákon č. 222/2004 Z. z. o DPH a novela zákona č....
Salvato in:
| Autore principale: | |
|---|---|
| Natura: | Capitolo di libro |
| Lingua: | slovacco |
| Soggetti: | |
| Tags: |
Nessun Tag, puoi essere il primo ad aggiungerne!!
|
MARC
| LEADER | 00000nla$a2200000$$$4500 | ||
|---|---|---|---|
| 001 | 0142702 | ||
| 005 | 20221103134151.1 | ||
| 041 | 0 | |a slo | |
| 044 | |a SK | ||
| 245 | 1 | 0 | |a Daň z pridanej hodnoty na Slovensku |c Eliška Kuželová |
| 520 | |a Daň z pridanej hodnoty je univerzálnou spotrebnou daňou z tovarov a služieb, ktorá je zavedená vo všetkých krajinách Európskej únie. Šiesta smernica Rady č. 77/388 EHS a smernica Rady č. 2006/112/EHS. Na území Slovenska daň z pridanej hodnoty upravuje zákon č. 222/2004 Z. z. o DPH a novela zákona č. 490/2010 Z. z. Podiel dane z pridanej hodnoty na príjmoch štátneho rozpočtu. | ||
| 610 | 2 | 0 | |a Slovensko |
| 610 | 2 | 0 | |a Európska únia |
| 610 | 2 | 0 | |a dane spotrebné |
| 610 | 2 | 0 | |a zaťaženie daňové |
| 610 | 2 | 0 | |a dane z hodnoty pridanej |
| 610 | 2 | 0 | |a daňovníci |
| 610 | 2 | 0 | |a obdobie zdaňovacie |
| 610 | 2 | 0 | |a rozpočet štátny |
| 610 | 2 | 0 | |a zákony |
| 610 | 2 | 0 | |a smernice |
| 100 | 1 | |a Kuželová, Eliška | |